[Event "Olimpiade 2024 - Donne"]
[Site "Budapest"]
[Date "20.09.2024"]
[Round "9.70"]
[Board "1"]
[White "Magno, Angelica"]
[Black "Ollet, Myra"]
[Result "0-1"]
[BlackTitle "WCM"]
[WhiteElo "1544"]
[BlackElo "1658"]
[WhiteTeam "Palau"]
[BlackTeam "Guam"]
[WhiteFideId "16601505"]
[BlackFideId "31000517"]
[EventDate "2024.09.11"]

1. d4 Nf6 2. c4 d6 3. Nf3 Nbd7 4. Nc3 e5 5. Bg5 Be7 6. e3 h6 7. Bh4 c6 8. Be2
O-O 9. O-O Re8 10. Qc2 Qc7 11. Bg3 Nf8 12. dxe5 dxe5 13. Bxe5 Bd6 14. Bxd6 Qxd6
15. Rfd1 Qc7 16. g3 Bh3 17. Bf1 Qc8 18. Rd4 Ng6 19. Ne4 Bxf1 20. Rxf1 Nxe4 21.
Rxe4 Rd8 22. Rd1 c5 23. Rxd8+ Qxd8 24. g4 Qf6 25. Ne1 Rd8 26. Nd3 Qf3 0-1

[Event "Olimpiade 2024 - Donne"]
[Site "Budapest"]
[Date "20.09.2024"]
[Round "9.70"]
[Board "2"]
[White "Estur, Grace Co"]
[Black "Sisior, Angelil"]
[Result "0-1"]
[WhiteElo "1586"]
[BlackElo "1691"]
[WhiteTeam "Guam"]
[BlackTeam "Palau"]
[WhiteFideId "31000770"]
[BlackFideId "16600436"]
[EventDate "2024.09.11"]

1. d4 e6 2. Nf3 Nf6 3. Nc3 d5 4. Bg5 Be7 5. g3 Nbd7 6. Bg2 O-O 7. Bxf6 Nxf6 8.
Qd3 c6 9. O-O-O b5 10. a3 a5 11. Ne5 Qc7 12. Kd2 Ba6 13. Qe3 b4 14. axb4 axb4
15. Nb1 h6 16. Ke1 c5 17. f4 cxd4 18. Qb3 Rab8 19. h3 Nd7 20. Nxd7 Qxd7 21. Rf1
Bc4 22. Qf3 b3 23. cxb3 Rxb3 24. Qg4 Bb4+ 25. Kf2 Rxb2 26. Bf3 Qa7 27. Kg2 d3
28. Rf2 Qe3 29. Rdf1 dxe2 30. Bxe2 Bxe2 31. Rxe2 Rxe2+ 32. Kh1 Qe4+ 33. Qf3
Qxf3+ 34. Rxf3 Re1+ 35. Kg2 Rxb1 36. f5 Rb2+ 37. Kh1 Rc8 38. Rf1 exf5 39. Kg1
Rcc2 40. Rf3 Bc5+ 41. Kf1 Rc1# 0-1

[Event "Olimpiade 2024 - Donne"]
[Site "Budapest"]
[Date "20.09.2024"]
[Round "9.70"]
[Board "3"]
[White "Gemota, Joan"]
[Black "Benzon, Tiffany"]
[Result "0-1"]
[WhiteElo "1567"]
[BlackElo "1610"]
[WhiteTeam "Palau"]
[BlackTeam "Guam"]
[WhiteFideId "16601289"]
[BlackFideId "31001564"]
[EventDate "2024.09.11"]

1. e3 e5 2. Bc4 d5 3. Bb3 Nf6 4. d3 a5 5. Nf3 a4 6. Bxd5 Qxd5 7. Nc3 Bb4 8. Bd2
Bxc3 9. Bxc3 Bg4 10. h3 Bxf3 11. gxf3 Nc6 12. e4 Qe6 13. Qd2 Nh5 14. O-O-O Qxa2
15. Qg5 Nf4 16. Kd2 Qe6 17. Qxg7 O-O-O 18. Kc1 Rdg8 19. Qxh8 Rxh8 20. Kb1 Nxh3
21. Rd2 b5 22. d4 exd4 23. Bxd4 Nxd4 24. Rxd4 Nxf2 25. Rf1 Rg8 26. Rd2 Nh3 27.
Rc1 Rg1 28. Rxg1 Nxg1 0-1

[Event "Olimpiade 2024 - Donne"]
[Site "Budapest"]
[Date "20.09.2024"]
[Round "9.70"]
[Board "4"]
[White "Nacario, Ruth"]
[Black "Parrado, Angelica"]
[Result "1-0"]
[BlackTitle "WFM"]
[WhiteElo "1607"]
[BlackElo "1741"]
[WhiteTeam "Guam"]
[BlackTeam "Palau"]
[WhiteFideId "31000541"]
[BlackFideId "16600215"]
[EventDate "2024.09.11"]

1. d4 Nf6 2. c4 e6 3. Nc3 Bb4 4. Bg5 O-O 5. e3 h6 6. Bh4 b6 7. Nf3 Bb7 8. a3
Bxc3+ 9. bxc3 Qe7 10. Be2 g5 11. Bg3 d6 12. h3 Ne4 13. Qc2 Nxg3 14. fxg3 Nd7 15.
e4 c5 16. Bd3 Rad8 17. O-O Nf6 18. Rae1 Nh5 19. Qf2 Ng7 20. g4 f6 21. d5 e5 22.
h4 h5 23. Nh2 Bc8 24. Be2 hxg4 25. Nxg4 f5 26. Nh6+ Kh7 27. Nxf5 Nxf5 28. exf5
Bxf5 29. h5 Kh6 30. Qe3 Rde8 31. g4 Bh7 32. Qg3 Qg7 33. Bd1 Qd7 34. Re2 Rxf1+
35. Kxf1 Rf8+ 36. Ke1 Rf4 37. Rf2 Qe7 38. Be2 Qe8 39. Bf1 Qa4 40. Bd3 Bg8 41.
Rxf4 exf4 42. Qf3 Qe8+ 43. Kf1 Qe5 44. Bc2 Bf7 45. Qd3 Qg7 46. Qf5 Bg8 47. Kf2
Qf7 48. Qc8 Qg7 49. Qd8 Qe5 50. Qf8+ Qg7 51. Qxd6+ 1-0

[Event "Olimpiade 2024 - Donne"]
[Site "Budapest"]
[Date "20.09.2024"]
[Round "9.76"]
[Board "1"]
[White "Kovacova, Zuzana"]
[Black "Lazzarini, Giulia"]
[Result "1-0"]
[WhiteTitle "WFM"]
[WhiteElo "2020"]
[BlackElo "1520"]
[WhiteTeam "Bermuda"]
[BlackTeam "San Marino"]
[WhiteFideId "14901510"]
[BlackFideId "11800364"]
[EventDate "2024.09.11"]

1. e4 e5 2. Nf3 Nc6 3. Bb5 a6 4. Ba4 Nf6 5. O-O Be7 6. Qe2 b5 7. Bb3 O-O 8. c3
Re8 9. Rd1 Bf8 10. d3 d6 11. Nbd2 Na5 12. Bc2 c5 13. Nf1 Nc6 14. Ng3 h6 15. h3
Bb7 16. Nf5 Ne7 17. N3h4 g5 18. Nxe7+ Qxe7 19. Nf5 Qe6 20. h4 Nh7 21. Bb3 Qf6
22. Qh5 Rad8 23. Ne3 Bc8 24. Nd5 Qg7 25. a4 Be6 26. hxg5 hxg5 27. axb5 axb5 28.
g3 f5 29. exf5 Bf7 30. Qg4 Nf6 31. Nxf6+ Qxf6 32. Bxg5 1-0

[Event "Olimpiade 2024 - Donne"]
[Site "Budapest"]
[Date "20.09.2024"]
[Round "9.77"]
[Board "3"]
[White "Henry, Zahidu"]
[Black "Hussin, Fazreena"]
[Result "1-0"]
[WhiteElo "1450"]
[BlackElo "1700"]
[WhiteTeam "Dominica"]
[BlackTeam "Brunei Darussalam"]
[WhiteFideId "93800150"]
[BlackFideId "10503170"]
[EventDate "2024.09.11"]

1. Nf3 d6 2. g3 Nf6 3. Bg2 c6 4. O-O Nbd7 5. d4 d5 6. Nbd2 e6 7. c4 dxc4 8. Nxc4
Be7 9. Nfe5 Nd5 10. e4 N5b6 11. Ne3 Nxe5 12. dxe5 Nd7 13. Ng4 h5 14. Ne3 Nxe5
15. Qxd8+ Bxd8 16. Rd1 Nd7 17. b3 e5 18. Bb2 O-O 19. Nf5 Bf6 20. Nd6 Nc5 21.
Nxc8 Raxc8 22. Rac1 Ne6 23. h4 g5 24. hxg5 Bxg5 25. Rc2 f6 26. Bh3 Rfe8 27. Rd6
Nd4 28. Bxc8 Nxc2 29. Bxb7 c5 30. Rd7 Kh8 31. Bc3 Rb8 32. Kg2 Nb4 33. a3 Nc2 34.
Bb2 Nd4 35. b4 cxb4 36. axb4 Nb3 37. Ba3 Bc1 38. Bxc1 Nxc1 39. Kh3 Nb3 40. Kh4
a5 41. bxa5 Nc5 42. Rf7 Nxb7 43. a6 Nd6 44. Rxf6 Nxe4 45. Rf7 Nd6 46. Rd7 Nc8
47. Kxh5 Ra8 48. Kg6 Na7 49. Kf5 Nc6 50. Kg6 Rxa6 51. Kf5 Ra8 52. Rc7 Rf8+ 53.
Kg6 Rg8+ 54. Kh6 Rf8 55. Rxc6 Kg8 56. Kg6 Kh8 57. Re6 1-0

[Event "Olimpiade 2024 - Donne"]
[Site "Budapest"]
[Date "21.09.2024"]
[Round "10.1"]
[Board "1"]
[White "Dzagnidze, Nana"]
[Black "Assaubayeva, Bibisara"]
[Result "1/2-1/2"]
[WhiteTitle "GM"]
[BlackTitle "IM"]
[WhiteElo "2508"]
[BlackElo "2482"]
[WhiteTeam "Georgia"]
[BlackTeam "Kazakhstan"]
[WhiteFideId "13601903"]
[BlackFideId "13708694"]
[EventDate "2024.09.11"]

1. d4 Nf6 2. c4 g6 3. Nc3 Bg7 4. e4 d6 5. h3 Nbd7 6. Be3 e5 7. d5 h5 8. Nf3 Bh6
9. Bxh6 Rxh6 10. Qd2 Rh8 11. O-O-O Kf8 12. Qe3 Kg7 13. Be2 a6 14. g3 Qe7 15. Nd2
Re8 16. f4 b5 17. cxb5 Nc5 18. fxe5 Qxe5 19. Nc4 Qe7 20. e5 Nfd7 21. e6 fxe6 22.
dxe6 Qxe6 23. Qd4+ Qf6 24. Bf3 Qxd4 25. Rxd4 Ra7 26. Bc6 Bb7 27. Bxb7 Rxb7 28.
bxa6 Nxa6 29. Rf1 Ndc5 30. Kb1 Ne6 31. Rd2 Ng5 32. Rdf2 Rb4 33. b3 Ne4 34. Nxe4
Rxe4 35. Kc2 Re7 36. a3 Rb8 37. b4 d5 38. Na5 Rb6 39. Nb3 c5 40. bxc5 Nxc5 41.
Nxc5 Rc6 42. Kd3 Rxc5 43. Rb1 Ra5 44. Rb3 Rea7 45. Ra2 Ra4 46. Ke2 Kf6 47. Kf2
R7a6 48. Rd2 Rxa3 49. Rxa3 Rxa3 50. Rxd5 1/2-1/2

[Event "Olimpiade 2024 - Donne"]
[Site "Budapest"]
[Date "21.09.2024"]
[Round "10.1"]
[Board "2"]
[White "Kamalidenova, Meruert"]
[Black "Javakhishvili, Lela"]
[Result "1/2-1/2"]
[WhiteTitle "IM"]
[BlackTitle "IM"]
[WhiteElo "2352"]
[BlackElo "2446"]
[WhiteTeam "Kazakhstan"]
[BlackTeam "Georgia"]
[WhiteFideId "13712802"]
[BlackFideId "13601458"]
[EventDate "2024.09.11"]

1. e4 e5 2. Nf3 Nc6 3. d4 exd4 4. Bc4 Nf6 5. e5 d5 6. Bb5 Nd7 7. O-O Be7 8. Bxc6
bxc6 9. Nxd4 Nb8 10. Qf3 c5 11. Nb5 O-O 12. c4 c6 13. cxd5 cxd5 14. N1c3 Bb7 15.
Rd1 Qb6 16. Rxd5 Nc6 17. Qg4 Nd4 18. Nd6 Rfd8 19. Bh6 Bf8 20. Re1 Qxb2 21. Rxc5
Ne6 22. Bc1 Qb6 23. Rb5 Qc6 24. Nxb7 Qxc3 25. Qe4 Rd4 26. Bb2 Rxe4 27. Bxc3 Rc4
28. Rb3 Rb8 29. Bb2 Ra4 30. Nd6 Rd8 31. Ba3 f6 32. f4 Rxf4 33. Nb7 Rb8 34. Bxf8
Rxf8 35. g3 Rd4 36. exf6 Rxf6 37. Rbe3 Rd7 38. Rxe6 Rxe6 39. Rxe6 Rxb7 40. Ra6
Rf7 1/2-1/2

[Event "Olimpiade 2024 - Donne"]
[Site "Budapest"]
[Date "21.09.2024"]
[Round "10.1"]
[Board "3"]
[White "Batsiashvili, Nino"]
[Black "Balabayeva, Xeniya"]
[Result "1/2-1/2"]
[WhiteTitle "GM"]
[BlackTitle "WIM"]
[WhiteElo "2461"]
[BlackElo "2335"]
[WhiteTeam "Georgia"]
[BlackTeam "Kazakhstan"]
[WhiteFideId "13602993"]
[BlackFideId "13719688"]
[EventDate "2024.09.11"]

1. d4 d5 2. c4 e6 3. Nc3 Nf6 4. cxd5 exd5 5. Bg5 c6 6. e3 h6 7. Bh4 Be7 8. Bd3
O-O 9. h3 Re8 10. Bg3 Bd6 11. Nge2 a5 12. O-O Na6 13. a3 Bxg3 14. Nxg3 Qd6 15.
Qd2 b5 16. Nce2 Nc7 17. Rac1 h5 18. f3 h4 19. Nh1 Bd7 20. Nf2 Ne6 21. Bb1 c5 22.
dxc5 Nxc5 23. Nd4 a4 24. Rc3 Ne6 25. Nf5 Qb6 26. Ng4 Nxg4 27. fxg4 Ng5 28. Kh1
Bxf5 29. gxf5 Rad8 30. f6 gxf6 31. Qf2 d4 32. exd4 Qxd4 33. Qxd4 Rxd4 34. Rd3
Red8 35. Rfd1 Rxd3 36. Bxd3 Ne6 37. Kg1 Rb8 38. Bf5 b4 39. Bxe6 fxe6 40. Rd4
bxa3 41. bxa3 Rb1+ 42. Kf2 Rb2+ 43. Kf1 Ra2 44. Rxa4 Kf7 45. Rxh4 1/2-1/2

[Event "Olimpiade 2024 - Donne"]
[Site "Budapest"]
[Date "21.09.2024"]
[Round "10.1"]
[Board "4"]
[White "Nurman, Alua"]
[Black "Khotenashvili, Bella"]
[Result "1/2-1/2"]
[WhiteTitle "WIM"]
[BlackTitle "GM"]
[WhiteElo "2324"]
[BlackElo "2432"]
[WhiteTeam "Kazakhstan"]
[BlackTeam "Georgia"]
[WhiteFideId "13729390"]
[BlackFideId "13602640"]
[EventDate "2024.09.11"]

1. e4 e5 2. Nf3 Nc6 3. Bb5 a6 4. Ba4 Nf6 5. O-O Be7 6. Re1 b5 7. Bb3 d6 8. c3
O-O 9. h3 h6 10. d4 Re8 11. Nbd2 Bd7 12. Nf1 a5 13. Bc2 Bf8 14. Ng3 a4 15. Bd3
Na5 16. Be3 c5 17. d5 Qc7 18. Bf1 c4 19. a3 Nb3 20. Rb1 Be7 21. Nd2 Nh7 22. Nxb3
axb3 23. Be2 Bg5 24. Bxg5 hxg5 25. Bg4 g6 26. Bxd7 Qxd7 27. Qg4 Re7 28. Ra1 f6
29. Qxd7 Rxd7 30. f3 Nf8 31. Nh1 Rda7 32. Kf2 Nd7 33. Ke3 Nb6 34. Rab1 f5 35.
Nf2 Rf8 36. Rbd1 Na4 37. Rd2 Kg7 38. Rh1 Nc5 39. Rhd1 Raf7 40. Ra1 Na4 41. Rad1
Kf6 42. Rh1 Rh8 43. Rg1 Ke7 44. Re1 Ra8 45. Rg1 Rh7 46. g4 f4+ 47. Ke2 Kd7 48.
Ra1 Kc7 49. Rh1 Kb6 50. Nd1 Kc5 51. Rh2 Rha7 52. Rh1 Nxb2 53. Nxb2 Rxa3 54. Rdd1
Ra2 55. Rb1 Rh8 56. Kd2 Ra7 57. Rh2 Ra2 58. Rhh1 b4 59. Rh2 Kb5 60. Rhh1 Ra7 61.
Rh2 Rah7 62. Rbh1 Rh6 63. Nd1 Ra8 64. Nb2 Rh7 65. Rb1 Rha7 66. Rhh1 Ra2 67. Rhc1
Rh8 68. Rh1 Rh7 69. Rh2 Rxb2+ 70. Rxb2 Ka4 71. Rb1 Ka3 72. Rhh1 b2 73. Kc2 b3+
74. Kd2 Ka2 75. Rbf1 Rh8 76. Rfg1 Rh7 77. Rf1 Rh8 1/2-1/2

[Event "Olimpiade 2024 - Donne"]
[Site "Budapest"]
[Date "21.09.2024"]
[Round "10.2"]
[Board "1"]
[White "Pham, Le Thao Nguyen"]
[Black "Gaal, Zsoka"]
[Result "0-1"]
[WhiteTitle "IM"]
[BlackTitle "WIM"]
[WhiteElo "2380"]
[BlackElo "2385"]
[WhiteTeam "Vietnam"]
[BlackTeam "Hungary"]
[WhiteFideId "12401226"]
[BlackFideId "777765"]
[EventDate "2024.09.11"]

1. d4 Nf6 2. Nf3 e6 3. Bf4 d5 4. e3 c5 5. c3 Bd6 6. Bb5+ Nc6 7. Bg3 Bxg3 8. hxg3
Qb6 9. a4 a6 10. dxc5 Qxc5 11. Qd4 Qxd4 12. Bxc6+ bxc6 13. exd4 a5 14. Ne5 Bd7
15. Nd2 Ke7 16. f3 Rhb8 17. b3 Ra7 18. Kf2 Be8 19. Rac1 h6 20. c4 Kd6 21. cxd5
cxd5 22. Rc3 Ng8 23. Nd3 Ne7 24. g4 Nc6 25. Ke3 f6 26. f4 Re7 27. Nf3 Bg6 28.
Rhc1 Rb6 29. Nc5 Nb4 30. Ne5 fxe5 31. dxe5+ Kc7 32. Nxe6+ Kb7 33. Nd8+ Ka6 34.
Rc8 d4+ 35. Kd2 Be4 36. R1c4 Bb7 37. Nxb7 Kxb7 38. R8c5 Nc6 39. Rb5 g5 40. g3
gxf4 41. gxf4 Rf7 42. g5 hxg5 43. fxg5 Rxb5 44. axb5 Nxe5 45. Ra4 Rf2+ 46. Ke1
Nd3+ 47. Kd1 Nb2+ 48. Ke1 Nxa4 49. Kxf2 Nc5 50. g6 Ne6 51. Kf3 Kb6 52. Ke4 Kxb5
53. Ke5 d3 0-1

[Event "Olimpiade 2024 - Donne"]
[Site "Budapest"]
[Date "21.09.2024"]
[Round "10.2"]
[Board "2"]
[White "Hoang, Thanh Trang"]
[Black "Vo, Thi Kim Phung"]
[Result "1/2-1/2"]
[WhiteTitle "GM"]
[BlackTitle "WGM"]
[WhiteElo "2351"]
[BlackElo "2320"]
[WhiteTeam "Hungary"]
[BlackTeam "Vietnam"]
[WhiteFideId "12400149"]
[BlackFideId "12401838"]
[EventDate "2024.09.11"]

1. d4 d5 2. c4 e6 3. Nf3 Nf6 4. g3 Be7 5. Bg2 O-O 6. O-O c6 7. Qc2 b6 8. Nbd2
Nbd7 9. e4 dxc4 10. Nxc4 Bb7 11. Rd1 c5 12. e5 Nd5 13. Nd6 Bxd6 14. Ng5 g6 15.
exd6 Nb4 16. Qe2 Bxg2 17. Kxg2 c4 18. Qxc4 Nd5 19. Ne4 Qc8 20. Qxc8 Rfxc8 21.
Bh6 f6 22. h4 Rc6 23. Rac1 Rac8 24. Rxc6 Rxc6 25. Rc1 Rxc1 26. Bxc1 Kf7 27. b3
Nb8 28. Kf3 Nc6 29. Bb2 Ke8 30. g4 Kd7 31. Kg3 Nd8 32. Ba3 Nf7 33. f4 f5 34.
gxf5 exf5 35. Nd2 Nc3 36. Kf3 Nb5 37. Bb2 Nfxd6 38. a4 Nc7 39. Nc4 Nd5 40. Ne5+
Ke6 41. Nc6 Ne4 42. Bc1 a6 43. Ne5 b5 44. axb5 axb5 45. Ke2 Nb4 46. Ba3 Nc2 47.
Bb2 Kd5 48. Nf3 Nb4 49. Ke3 Nc6 50. Kd3 Nf2+ 51. Ke2 Ng4 52. Bc3 b4 53. Bd2
Nxd4+ 54. Nxd4 Kxd4 55. Bxb4 Nf6 56. Bd6 Nd5 57. Kf3 h5 58. Be5+ Kd3 59. Bd6 Nc3
60. Be5 Nb1 61. b4 Nd2+ 62. Kf2 Ne4+ 63. Kf3 Kc4 64. Ke3 Ng3 65. Kf2 Ne4+ 66.
Ke3 Kd5 67. Kd3 Nf2+ 68. Kc3 Nd1+ 69. Kd2 Nf2 70. Kc3 Ne4+ 71. Kd3 Nf2+ 1/2-1/2

[Event "Olimpiade 2024 - Donne"]
[Site "Budapest"]
[Date "21.09.2024"]
[Round "10.2"]
[Board "3"]
[White "Luong Phuong Hanh"]
[Black "Papp, Petra"]
[Result "1/2-1/2"]
[WhiteTitle "WIM"]
[BlackTitle "WGM"]
[WhiteElo "2225"]
[BlackElo "2259"]
[WhiteTeam "Vietnam"]
[BlackTeam "Hungary"]
[WhiteFideId "12401013"]
[BlackFideId "739049"]
[EventDate "2024.09.11"]

1. d4 Nf6 2. Nf3 g6 3. Bf4 Bg7 4. e3 O-O 5. Nbd2 d6 6. h3 c5 7. c3 Qb6 8. Qb3
Nc6 9. Be2 Be6 10. Qxb6 axb6 11. a3 h6 12. O-O cxd4 13. exd4 Rfc8 14. Rfe1 Kf8
15. Bd3 Bd5 16. c4 Bxf3 17. Nxf3 d5 18. b3 Na5 19. Nd2 Nxb3 20. Nxb3 dxc4 21.
Bc2 cxb3 22. Bxb3 Rc3 23. Re3 Rac8 24. Rae1 Nh5 25. Be5 Bxe5 26. dxe5 Nf4 27.
Rd1 Rc1 28. Rxc1 Rxc1+ 29. Kh2 e6 30. Rf3 g5 31. g3 Ng6 32. Bxe6 Nxe5 33. Rf5
Rc5 34. Bc8 Nd3 35. Rxc5 Nxc5 36. f4 f6 37. Kg2 Ke7 38. Kf3 Kd8 39. Bf5 Ke7 40.
Kg4 Kf7 41. h4 gxh4 1/2-1/2

[Event "Olimpiade 2024 - Donne"]
[Site "Budapest"]
[Date "21.09.2024"]
[Round "10.2"]
[Board "4"]
[White "Lazarne Vajda, Szidonia"]
[Black "Bach Ngoc Thuy Duong"]
[Result "1/2-1/2"]
[WhiteTitle "IM"]
[BlackTitle "WIM"]
[WhiteElo "2283"]
[BlackElo "2214"]
[WhiteTeam "Hungary"]
[BlackTeam "Vietnam"]
[WhiteFideId "723894"]
[BlackFideId "12408956"]
[EventDate "2024.09.11"]

1. d4 d5 2. Nf3 Nf6 3. c4 c6 4. Qc2 dxc4 5. Qxc4 b5 6. Qc2 Bb7 7. g3 e6 8. Bg2
Nbd7 9. O-O c5 10. Rd1 Rc8 11. Bg5 Qb6 12. Bxf6 Nxf6 13. a4 cxd4 14. Qb3 Bc5 15.
Qxb5+ Qxb5 16. axb5 O-O 17. Ne5 Bxg2 18. Kxg2 Rb8 19. Na3 Bxa3 20. Rxa3 Rxb5 21.
Nc4 Rb4 22. b3 Rb7 23. Rxd4 Rfb8 24. Na5 Rc7 25. Rc4 Rbc8 26. e3 Nd5 27. Rxc7
Rxc7 28. Nc4 Kf8 29. Nd6 Nc3 30. Ra6 Ke7 31. Kf3 f6 32. h4 Kd8 33. Ne4 Nxe4 34.
Kxe4 Kd7 35. Kd3 Ke7 36. b4 Kd7 37. b5 Ke7 38. b6 1/2-1/2

[Event "Olimpiade 2024 - Donne"]
[Site "Budapest"]
[Date "21.09.2024"]
[Round "10.3"]
[Board "1"]
[White "Dronavalli, Harika"]
[Black "Zhu, Jiner"]
[Result "1/2-1/2"]
[WhiteTitle "GM"]
[BlackTitle "GM"]
[WhiteElo "2502"]
[BlackElo "2487"]
[WhiteTeam "India"]
[BlackTeam "China"]
[WhiteFideId "5015197"]
[BlackFideId "8608059"]
[EventDate "2024.09.11"]

1. e4 c5 2. Nf3 d6 3. Bb5+ Bd7 4. c4 Nc6 5. Nc3 e5 6. d3 Nge7 7. h4 h6 8. h5 Ng8
9. Ng1 Be7 10. Nge2 Bg5 11. Nd5 Bxc1 12. Qxc1 Nge7 13. Bxc6 bxc6 14. Ne3 f5 15.
f4 O-O 16. g3 exf4 17. gxf4 Qa5+ 18. Qd2 Qxd2+ 19. Kxd2 fxe4 20. dxe4 d5 21.
cxd5 cxd5 22. exd5 Rad8 23. Rhc1 Nxd5 24. Nxd5 Be6 25. Rxc5 Bxd5 26. Kc3 Rfe8
27. Rd1 Re3+ 28. Kd2 Ree8 29. Kc3 Re3+ 30. Kd2 Ree8 31. Kc3 Re3+ 32. Kd2 Ree8
33. Kc3 1/2-1/2

[Event "Olimpiade 2024 - Donne"]
[Site "Budapest"]
[Date "21.09.2024"]
[Round "10.3"]
[Board "2"]
[White "Guo, Qi"]
[Black "Vaishali, Rameshbabu"]
[Result "1/2-1/2"]
[WhiteTitle "IM"]
[BlackTitle "GM"]
[WhiteElo "2367"]
[BlackElo "2498"]
[WhiteTeam "China"]
[BlackTeam "India"]
[WhiteFideId "8604002"]
[BlackFideId "5091756"]
[EventDate "2024.09.11"]

1. d4 Nf6 2. Nf3 g6 3. c4 Bg7 4. Nc3 d5 5. cxd5 Nxd5 6. e4 Nxc3 7. bxc3 c5 8.
Be3 Bg4 9. Qa4+ Nc6 10. Bb5 cxd4 11. cxd4 O-O 12. Bxc6 bxc6 13. Rc1 Bxf3 14.
gxf3 e5 15. dxe5 Bxe5 16. f4 Bg7 17. h4 Qd3 18. Qc4 Rfd8 19. Qxd3 Rxd3 20. Rxc6
Ra3 21. O-O Rxa2 22. Rfc1 h5 23. Rc8+ Rxc8 24. Rxc8+ Kh7 25. Rc7 Kg8 26. Rc8+
Kh7 27. Rc7 Kg8 28. e5 a5 29. Rc8+ Kh7 30. Rc7 Kg8 31. Rc8+ Kh7 32. Ra8 a4 33.
Kg2 a3 34. Ra7 Kg8 35. Ra8+ Kh7 36. Ra7 Kg8 37. Ra8+ Kh7 38. Kf3 Ra1 39. Bd4 Rd1
40. Ke4 Re1+ 41. Be3 Ra1 42. Ra7 a2 43. e6 Rb1 44. e7 f5+ 45. Kd5 Rb7 46. Rxb7
a1=Q 47. Rb8 Qa2+ 48. Kd6 Qa6+ 49. Kd7 Qd3+ 50. Kc7 Qc4+ 51. Kd6 Qd3+ 52. Kc7
Qc4+ 53. Kd6 Qd3+ 1/2-1/2

[Event "Olimpiade 2024 - Donne"]
[Site "Budapest"]
[Date "21.09.2024"]
[Round "10.3"]
[Board "4"]
[White "Lu, Miaoyi"]
[Black "Vantika, Agrawal"]
[Result "1/2-1/2"]
[WhiteTitle "IM"]
[BlackTitle "IM"]
[WhiteElo "2438"]
[BlackElo "2370"]
[WhiteTeam "China"]
[BlackTeam "India"]
[WhiteFideId "8618020"]
[BlackFideId "25050389"]
[EventDate "2024.09.11"]

1. e4 e6 2. d4 d5 3. Nc3 Nf6 4. e5 Nfd7 5. f4 c5 6. Nf3 Nc6 7. Be3 cxd4 8. Nxd4
Qb6 9. Qd2 Qxb2 10. Rb1 Qa3 11. Bb5 Nxd4 12. Bxd4 a6 13. Rb3 Qe7 14. Ba4 Qh4+
15. Bf2 Qd8 16. Bb6 Qh4+ 17. g3 Qg4 18. Ne4 Be7 19. Nc5 Bxc5 20. Bxc5 b5 21. Ba3
Nxe5 22. Qb4 Ng6 23. Rc3 Bd7 24. Rc7 Qf3 25. Rxd7 Qxh1+ 26. Kf2 Qxh2+ 27. Kf1
Qh1+ 28. Kf2 Qh2+ 29. Kf1 Qh1+ 30. Kf2 Qh2+ 1/2-1/2

[Event "Olimpiade 2024 - Donne"]
[Site "Budapest"]
[Date "21.09.2024"]
[Round "10.4"]
[Board "1"]
[White "Kashlinskaya, Alina"]
[Black "Wagner, Dinara"]
[Result "1/2-1/2"]
[WhiteTitle "IM"]
[BlackTitle "IM"]
[WhiteElo "2490"]
[BlackElo "2452"]
[WhiteTeam "Poland"]
[BlackTeam "Germany"]
[WhiteFideId "4198026"]
[BlackFideId "24157570"]
[EventDate "2024.09.11"]

1. d4 Nf6 2. c4 e6 3. Bf4 b6 4. a3 Bb7 5. Nc3 d5 6. cxd5 Nxd5 7. Nxd5 Bxd5 8. e3
Bd6 9. Ne2 O-O 10. Bg3 c5 11. dxc5 Bxc5 12. Nc3 Bb7 13. Qc2 Nd7 14. Bd3 h6 15.
O-O Qe7 16. Rfd1 a5 17. Bh7+ Kh8 18. Be4 Nf6 19. Bh4 Rac8 20. Qe2 Bxe4 21. Nxe4
g5 22. Nxf6 Qxf6 23. Bg3 Rfd8 24. h3 Rxd1+ 25. Rxd1 Rd8 26. Rxd8+ Qxd8 27. b4
axb4 28. axb4 Bf8 29. Qb5 Kg8 30. Be5 Bg7 31. Bg3 Bf8 32. Be5 Bg7 33. Bg3 Bf8 1/2-1/2

[Event "Olimpiade 2024 - Donne"]
[Site "Budapest"]
[Date "21.09.2024"]
[Round "10.4"]
[Board "2"]
[White "Paehtz, Elisabeth"]
[Black "Socko, Monika"]
[Result "1/2-1/2"]
[WhiteTitle "GM"]
[BlackTitle "GM"]
[WhiteElo "2455"]
[BlackElo "2422"]
[WhiteTeam "Germany"]
[BlackTeam "Poland"]
[WhiteFideId "4641833"]
[BlackFideId "1106619"]
[EventDate "2024.09.11"]

1. Nf3 Nf6 2. g3 b6 3. Bg2 Bb7 4. c4 e6 5. b3 Be7 6. Bb2 O-O 7. O-O c5 8. d4
cxd4 9. Qxd4 Nc6 10. Qf4 d5 11. Rd1 Qb8 12. Ne5 Bd6 13. Nxc6 Bxc6 14. Qd2 Be5
15. Bxe5 Qxe5 16. Nc3 Rad8 17. cxd5 Bxd5 18. Nxd5 exd5 19. Rac1 d4 20. Rc4 h6
21. Bf3 Ne4 22. Bxe4 Qxe4 23. Qd3 Qe5 24. Rd2 Rfe8 25. a4 g6 26. b4 Rd7 27. b5
Red8 28. Rc6 Kg7 29. Kg2 Qe7 30. Rc4 Qe6 31. Rc6 Qe7 32. Rdc2 Qe5 33. Rd2 1/2-1/2

[Event "Olimpiade 2024 - Donne"]
[Site "Budapest"]
[Date "21.09.2024"]
[Round "10.4"]
[Board "3"]
[White "Maltsevskaya, Aleksandra"]
[Black "Heinemann, Josefine"]
[Result "1/2-1/2"]
[WhiteTitle "IM"]
[BlackTitle "WGM"]
[WhiteElo "2404"]
[BlackElo "2316"]
[WhiteTeam "Poland"]
[BlackTeam "Germany"]
[WhiteFideId "24174041"]
[BlackFideId "12900460"]
[EventDate "2024.09.11"]

1. Nf3 d5 2. c4 e6 3. g3 Nf6 4. Bg2 dxc4 5. Qa4+ Nbd7 6. Qxc4 a6 7. Qc2 c5 8.
O-O b5 9. a4 Bb7 10. d3 Be7 11. Nc3 Qb6 12. Be3 O-O 13. h3 Rfc8 14. Rfc1 h6 15.
axb5 axb5 16. Rxa8 Bxa8 17. b4 Qb8 18. bxc5 Bxc5 19. Bxc5 Rxc5 20. Qb2 b4 21.
Na2 Rxc1+ 22. Nxc1 Nc5 23. Nd4 Bxg2 24. Kxg2 Qb7+ 25. Kg1 Nd5 26. Na2 Na4 27.
Qb3 Nc5 28. Qb2 Na4 29. Qb3 Nc5 30. Qb2 1/2-1/2

[Event "Olimpiade 2024 - Donne"]
[Site "Budapest"]
[Date "21.09.2024"]
[Round "10.4"]
[Board "4"]
[White "Klek, Hanna Marie"]
[Black "Kiolbasa, Oliwia"]
[Result "0-1"]
[WhiteTitle "WGM"]
[BlackTitle "IM"]
[WhiteElo "2296"]
[BlackElo "2348"]
[WhiteTeam "Germany"]
[BlackTeam "Poland"]
[WhiteFideId "24670057"]
[BlackFideId "1154613"]
[EventDate "2024.09.11"]

1. e4 e5 2. Nf3 Nc6 3. d4 exd4 4. Nxd4 Nf6 5. Nxc6 bxc6 6. e5 Qe7 7. Qe2 Nd5 8.
g3 g6 9. c4 Nb6 10. a4 a5 11. b3 Bg7 12. f4 O-O 13. Ba3 c5 14. Bg2 Rb8 15. Nc3
f6 16. Ne4 fxe5 17. Nxc5 d6 18. Nd3 e4 19. Nb2 Bc3+ 20. Kd1 Qf6 21. Kc2 e3 22.
Rad1 Bf5+ 23. Nd3 Qd4 24. Rb1 Nxc4 25. bxc4 Qxc4 26. Bd5+ Qxd5 27. Kxc3 Qc6+ 28.
Bc5 Bxd3 29. Qa2+ Kg7 30. Kxd3 dxc5 31. Kxe3 c4 32. Qa3 Rfe8+ 33. Kf2 Rxb1 34.
Qc3+ Kf7 35. Rxb1 Qc5+ 36. Kf1 Qd5 37. Kf2 Qc5+ 38. Kf1 Re3 39. Qc2 Qd5 40. Kg1
Rd3 41. Qg2 Rd1+ 42. Rxd1 Qxd1+ 43. Qf1 Qd4+ 44. Kg2 c3 45. Qe2 Qxa4 46. f5 Qc6+
47. Kh3 c2 48. fxg6+ hxg6 49. Qf1+ Kg8 50. Qc1 a4 51. Kh4 a3 52. Kg5 a2 0-1